OT 2025 Gala 5 - Estadísticas

Estadísticas generales
  • Esta prueba ha sido intentada 47 veces
  • La puntuación promedio es 7 de 9
Estadísticas de respuestas
Concursantes Cantante Real Canción % Correcto
Grupal (Todos) Leire Martínez Mi nombre
94%
Judit Malú Ciudad de papel
88%
Lucía Casani Natalia Jiménez Creo en mí
88%
Tinho & Guillo Rist Måneskin I Wanna Be Your Slave
85%
María Cruz & Olivia Ariana Grande Yes, and?
79%
Cristina & Laura Muñoz Pastora Soler La mala costumbre
67%
Téyou Stromae Papaoutai
55%
Claudia Arenas & Crespo Juanes Nada valgo sin tu amor
52%
Max & Guille Toledano Queen I Was Born to Love You
45%
No se encontraron pruebas coincidentes
Distribución de puntuación
Porcentaje de gente con cada puntuación
Porcentaje por número respondido
Historial de tus puntuaciones
No has intentado esta prueba.